| 000 | 00774nam a2200253Mu 4500 | ||
|---|---|---|---|
| 001 | 45366 | ||
| 005 | 20230411085957.0 | ||
| 008 | 951023s1995 dr 000 0 spa d | ||
| 035 | _a(OCoLC)ocm69848263 | ||
| 040 |
_aLILAC _cLILAC |
||
| 029 | 0 |
_aLILAC _b184260 |
|
| 035 | _a(OCoLC)69848263 | ||
| 049 | _aGRAL | ||
| 100 | 1 | _aAnon. | |
| 245 | 1 | 0 | _aSe hace camino al andar: (elementos para una estrategia nacional de IEC en salud sexual y reproductiva en la Republica Dominicana). |
| 260 |
_aSanto Domingo : _bFondo de Poblacion de las Naciones Unidas, _c1995. |
||
| 300 |
_a161 p. : _bilus. |
||
| 650 | 1 | 7 |
_aSalud. _2dcs |
| 650 | 1 | 7 |
_aReproduccion. _2dcs |
| 650 | 1 | 7 |
_aSexo. _2dcs |
| 650 | 1 | 7 |
_aPlanificacion familiar. _2dcs |
| 942 |
_2lcc _cbk |
||
| 994 |
_aC0 _bDRFGD |
||
| 999 |
_c110358 _d110358 |
||